00344nam a2200121 a 4500008004100000020001500041050001500056100002300071245006500094260003200159300002200191350000900213080109s1965 ||||||||||||||||| || u a0070189846 aTK 454 Edm aEdminister, Joseph10aSchaum's Outline of theory and problems of electric circuits aNew YorkbMcGraw-Hillc1965 a(6), 289p. : ill. a0.00